| 000 | 01616nam a22002417a 4500 | ||
|---|---|---|---|
| 001 | 9751 | ||
| 003 | FISKH | ||
| 005 | 20260205093616.0 | ||
| 008 | 260205b cb ||||| |||| 00| 0 eng d | ||
| 020 | _a9781471407277 | ||
| 040 |
_aFISKH _beng _cFISKH _dFISKH |
||
| 050 | _aPZ7 .B52878 | ||
| 082 | _a813.6 | ||
| 100 | _aBlack, Holly | ||
| 245 |
_aThe cruel prince / _cHolly Black |
||
| 260 |
_aLondon : _bHot Key Books, _c2018. |
||
| 300 |
_a370 pages : _billustrations ; _c20 cm |
||
| 490 |
_aThe Folk of the Air : _vBook one |
||
| 520 | _aOf course I want to be like them. They're beautiful as blades forged in some divine fire. They will live forever. And Cardan is even more beautiful than the rest. I hate him more than all the others. I hate him so much that sometimes when I look at him, I can hardly breathe. Jude was seven years old when her parents were murdered and she and her two sisters were stolen away to live in the treacherous High Court of Faerie. Ten years later, Jude wants nothing more than to belong there, despite her mortality. But many of the fey despise humans. Especially Prince Cardan, the youngest and wickedest son of the High King. To win a place at the Court, she must defy him and face the consequences. In doing so, she becomes embroiled in palace intrigues and deceptions, discovering her own capacity for bloodshed. But as civil war threatens to drown the Courts of Faerie in violence, Jude will need to risk her life in a dangerous alliance to save her sisters, and Faerie itself. | ||
| 650 |
_aFantasy _vFiction _xYoung Adult |
||
| 942 |
_2ddc _cBK _n0 |
||
| 999 |
_c9751 _d9751 |
||